000 01445nas a2200349 4500
001 113509
003 DR-UNIBE
005 20250612152837.0
007 ta
008 250612e2023 dr ar|p|r||||l|0| 0 spa d
022 _a2960-7744
040 _aBiblioteca UNIBE
_cBiblioteca UNIBE
_bspa
_dDO-SdBNP
_erda
041 _aspa
110 _aComisión Nacional de Defensa de la Competencia (PRO-COMPETENCIA)
_988082
245 0 0 _aAnuario de la libre competencia
264 _aSanto Domingo, República Dominicana :
_bComisión Nacional de Defensa de la Competencia (Pro-Competencia),
_c2023.
300 _avolumen :
_bilustraciones, fotografías, gráficas ;
_c23.5 cm.
310 _aAnual.
336 _atexto
_btxt
_2rdacontent
337 _asin mediación
_bn
_2rdamedia
338 _avolumen
_bnc
_2rdacarrier
362 _aEdición 1 (2023) - Edición 2 (2024).
650 7 _2lemb
_aCompetencia económica
_97331
_zRepública Dominicana
650 7 _2lemb
_aCompetencia económica
_xLegislación
_zRepública Dominicana
_9194666
650 7 _2lemb
_aMercados
_xLegislación
_zRepública Dominicana
_9194667
650 7 _2lemb
_aCompetencia industrial
_988081
650 7 _2lemb
_aCompetencia económica desleal
_xLegislación
_zRepública Dominicana
_9194668
651 7 _2lemb
_aRepública Dominicana
_xLey No. 42-08
_9194669
653 _aLibre competencia (Economía)
655 7 _2lemb
_aPublicaciones periódicas
_987420
942 _2ddc
_cISSUE
999 _c59251
_d59251